KOHA-Header-6

Sets, Functions and Logic (Record no. 10346)

000 -LEADER
fixed length control field 00267nam a2200109Ia 4500
100 ## - MAIN ENTRY--AUTHOR NAME
Personal name Keith Devlin
245 #0 - TITLE STATEMENT
Title Sets, Functions and Logic
260 ## - PUBLICATION, DISTRIBUTION, ETC. (IMPRINT)
Place of publication London
Name of publisher World Scientific
Year of publication 2003
300 ## - PHYSICAL DESCRIPTION
Number of Pages 706
942 ## - ADDED ENTRY ELEMENTS (KOHA)
Koha item type Books

No items available.

Powered by Koha